Neue Trends im Gesundheitstourismus in der Welt und in Ungarn

Bibliographic Details
Main Author: Galgóczi Dóra
Other Authors: Nagy Dr. Adrienne
Format: Thesis
Kulcsszavak:Gesundheitstourismus
Online Access:http://dolgozattar.uni-bge.hu/4360

MARC

LEADER 00000nta a2200000 i 4500
001 dolg4360
005 20180227142843.0
008 151210suuuu hu om 000 ger d
040 |a BGE Dolgozattár Repozitórium  |b hun 
041 |a de 
100 1 |a Galgóczi Dóra 
245 1 0 |a Neue Trends im Gesundheitstourismus in der Welt und in Ungarn  |c Galgóczi Dóra  |h [elektronikus dokumentum] 
246 1 1 |a Új trendek az egészségturizmusban a világon és Magyarországon  
695 |a Gesundheitstourismus 
700 1 |a Nagy Dr. Adrienne  |e ths 
856 4 0 |u http://dolgozattar.uni-bge.hu/4360/1/Neue-Trends-im-Gesundheitstourismus-in-der-Welt-und-in-Ungarn.pdf  |z Dokumentum-elérés